000 02766nab a2200265 i 4500
003 BR-BrBNA
005 20251117151431.0
008 251117b2023 bl.ar|pooa||| 00| 0 eng |
040 _aBR-BrBNA
_beng
072 _aF70
100 _aMarinho, Antoniela Morais
100 _aCosta, Swami Leitão
100 _aBuril, Maria Teresa
245 _aThe genus Ipomoea (Convolvulaceae) in the state of Rio Grande do Norte, Brazil
500 _aPublicação on-line; 39 ref.; 5 illus.; Summaries (En, Pt)
520 _a Abstract Ipomoea has a cosmopolitan distribution, being more diverse in the tropics. It is the largest genus of Convolvulaceae, containing about 700 species, with more than a half occurring in the Americas. Approximately 150 species occur in Brazil, of which 80 are found in the Northeast region. The state of Rio Grande do Norte is considered one of the least floristically known in Brazil. This study was based on field expeditions and analysis of specimens from the herbaria. Thirty-tree species were found, with eight new records for the study area: Ipomoea chiquitensis, I. cynanchifolia, I. goyazensis, I. grandifolia, I. magna, I. queirozii, I. ramosissima and I. syringifolia. An identification key, genus and species descriptions, illustrations and distribution maps are presented. Key words: Caatinga,Flora of Brazil, taxonomy, vines. Resumo Ipomoea apresenta distribuição cosmopolita, sendo mais diversa nos trópicos. É o maior gênero de Convolvulaceae, com ca. 700 species, das quais mais da metade ocorre nas Américas. É representado no Brasil por aproximadamente 150 species, das quais 80 estão presentes na região Nordeste. O estado do Rio Grande do Norte é considerado um dos estados com amostragem florística mais subestimada no Brasil. Este estudo foi feito com base em expedições de campo e análise de materiais de herbários. Foram encontradas 33 especies, das quais oito são novos registros para a área de estudo: Ipomoea chiquitensis, I. cynanchifolia, I. goyazensis, I. grandifolia, I. magna, I. queirozii, I. ramosissima e I. syringifolia. São apresentados uma chave de identificação, descrições do gênero e das espécies, ilustrações e mapas de distribuição. Palavras-chave: Caatinga,Flora do Brasil, taxonomia, trepadeiras.
650 _aCAATINGA
650 _aFLORA
650 _aTAXONOMIA
650 _aTREPADEIRA
773 0 _0709
_9359038
_dRio de Janeiro-RJ Jardim Botanico do Rio de Janeiro 1935
_o2025-7012
_tRodriguésia (Brazil)
_x0370-6583; 2175-7860 on-line
_gv. 74 p. 1-25; (2023)
_wBR2025004436
856 _uhttps://www.scielo.br/j/rod/a/ZfkNrWXf3txyxsDLPgLvMwd/?format=pdf&lang=en
942 _cANA
999 _c339086
_d339086